Advertising theory and practice / (Record no. 6576)
[ view plain ]
| 000 -LEADER | |
|---|---|
| fixed length control field | 00723nam a22002412 4500 |
| 001 - CONTROL NUMBER | |
| control field | 0000004389 |
| 005 - DATE AND TIME OF LATEST TRANSACTION | |
| control field | 20151217151937.0 |
| 008 - FIXED-LENGTH DATA ELEMENTS--GENERAL INFORMATION | |
| fixed length control field | 070522s xx 000 0 eng d |
| 020 ## - INTERNATIONAL STANDARD BOOK NUMBER | |
| International Standard Book Number | 8185386633 : |
| Terms of availability | KES 620 |
| 040 ## - CATALOGING SOURCE | |
| Original cataloging agency | KABU |
| Transcribing agency | KABU |
| 050 #0 - LIBRARY OF CONGRESS CALL NUMBER | |
| Classification number | HF5823 |
| Item number | .S26 2004 |
| 100 1# - MAIN ENTRY--PERSONAL NAME | |
| Personal name | Sandage, C. H. |
| -- | 0000154924 |
| 245 10 - TITLE STATEMENT | |
| Title | Advertising theory and practice / |
| Statement of responsibility, etc. | C. H. Sandage, Vernon Fryburger, Kim Rotzoll. |
| 250 ## - EDITION STATEMENT | |
| Edition statement | 11th ed. |
| 260 ## - PUBLICATION, DISTRIBUTION, ETC. (IMPRINT) | |
| Place of publication, distribution, etc. | Delhi : |
| Name of publisher, distributor, etc. | AITBS, |
| Date of publication, distribution, etc. | 2004. |
| 300 ## - PHYSICAL DESCRIPTION | |
| Extent | xv, 509 p. |
| 650 #0 - SUBJECT ADDED ENTRY--TOPICAL TERM | |
| Topical term or geographic name as entry element | Advertising. |
| -- | 0000071054 |
| 700 1# - ADDED ENTRY--PERSONAL NAME | |
| Personal name | Fryburger, Vernon. |
| -- | 0000154925 |
| 700 1# - ADDED ENTRY--PERSONAL NAME | |
| Personal name | Rotzoll, Kim. |
| -- | 0000154926 |
| 908 ## - PUT COMMAND PARAMETER (RLIN) | |
| Put command parameter | 070522 |
| 950 ## - LOCAL HOLDINGS (RLIN) | |
| -- | 1 |
| Withdrawn status | Lost status | Source of classification or shelving scheme | Not for loan | Home library | Current library | Date acquired | Total Checkouts | Full call number | Barcode | Date last seen | Price effective from | Koha item type |
|---|---|---|---|---|---|---|---|---|---|---|---|---|
| Library of Congress Classification | Kabarak, Main Campus | Kabarak, Main Campus | 17/12/2015 | HF5823 .S26 2004 | 005249 | 17/12/2015 | 17/12/2015 | General Collection |